Bridge maintenance, corrosion, joint seals, and polymer mortar materials.

Bibliographic Details
Corporate Author: National Research Council (U.S.). Transportation Research Board
Format: Book
Language:English
Published: Washington, D.C. : Transportation Research Board, National Research Council, 1987.
Series:Transportation research record ; no. 1113.
Subjects:

MARC

Tag First Indicator Second Indicator Subfields
LEADER 00000cam a2200000 a 4500
001 in00000026872
005 20151007054557.0
008 870922s1987 dcua b 10000 eng
010 |a  87027785  
020 |a 0309044650 (pbk.) :  |c $10.50 
035 |a (OCoLC)16873512 
035 |9 AAB5561AM 
040 |a DLC  |c DLC  |d TXA  |d UtOrBLW 
049 |a TXAM  |c [A11525840] 
050 0 0 |a TE7  |b .H5 no. 1113  |a TG315 
082 0 |a 380.5 s  |a 624.28  |2 19 
245 0 0 |a Bridge maintenance, corrosion, joint seals, and polymer mortar materials. 
264 1 |a Washington, D.C. :  |b Transportation Research Board, National Research Council,  |c 1987. 
300 |a 70 pages :  |b illustrations ;  |c 28 cm. 
336 |a text  |b txt  |2 rdacontent 
337 |a unmediated  |b n  |2 rdamedia 
338 |a volume  |b nc  |2 rdacarrier 
490 1 |a Transportation research record ;  |v no. 1113 
504 |a Includes bibliographies. 
650 0 |a Bridges  |x Maintenance and repair  |x Congresses. 
650 0 |a Iron and steel bridges  |x Corrosion  |x Congresses. 
710 2 |a National Research Council (U.S.).  |b Transportation Research Board. 
830 0 |a Transportation research record ;  |v no. 1113. 
999 |a MARS 
999 f f |s 24abe81c-9f97-374f-b70f-59b5a856b3ce  |i 7e6b5504-3405-3102-90c8-3d3e732517ec  |t 0 
952 f f |p default  |a Texas A&M University  |b College Station  |c Sterling C. Evans Library  |d Evans: Microforms (3rd floor)  |t 0  |e fiche S 745 no.1113  |h Other scheme  |i unmediated -- volume 
952 f f |p ric  |a Texas A&M University  |b Rellis Campus  |c Joint Library Facility  |d Remote Storage  |t 0  |e TE7 .H5 no.1113  |h Library of Congress classification  |i unmediated -- volume  |m A14811525840 
998 f f |a fiche S 745 no.1113  |t 0  |l Evans: Microforms (3rd floor) 
998 f f |a TE7 .H5 no.1113  |t 0  |l Remote Storage